000 00488nam a2200157Ia 4500
008 151213s9999 xx 000 0 und d
082 _a810.9
_b810.9
100 _aRichard Ruland & Malcolm Brakbury
245 _aPuritanism to Post modernism : A History Of American Literature
_cRichard Ruland & Malcolm Brakbury
260 _aNew York
_bPenguin Book
_c1991
300 _a3527 p.
650 _aEnglish
650 _aEnglish
700 _aRichard Ruland & Malcolm Brakbury
999 _c2334
_d2334